000 01087cam a2200301 a 4500
001 2630
005 20240105134412.0
020 _a0689861540
020 _a076714004993
040 _aDLC
_cDLC
_dDLC
_beng
050 0 0 _aPZ7.K23
_bTas 2003
082 0 0 _a813.52
_222
100 1 _aKeene, Carolyn
245 1 2 _aA taste of danger /
_cCarolyn Keene
250 _aFirst Aladdin Paerbacks edition September 2003
260 _aNew York :
_bAladdin Paperbacks,
_c2003
300 _a169 pages ;
_c20 cm
490 1 _aNancy Drew mystery stories :
_vBook 174
505 _aM
520 _aWhile staying at the Gourmet Getaway, a resort in Massachusetts' Berkshire mountains, Nancy and her friends, Beth, George, and Hannah, investigate the mysterious series of events that threaten to sabotage the resort's grand opening.
521 1 _a700
_bLexile estimate
521 1 _aM
_bRaz-Plus
650 1 _aHotels, motels, etc.
_vFiction.
650 1 _aCooking
_vFiction.
650 1 _aMystery and detective stories.
906 _a7
_bcbc
_corignew
_d2
_eepcn
_f20
_gy-gencatlg
942 _2ddc
_cBK
_n0
999 _c2630
_d2630